National Anthem of Finland (Finnish) - Maamme - Statistics

General Stats
  • This quiz has been taken 21 times
  • The average score is 48 of 70
Answer Stats
Lyrics % Correct
maa
100%
maa
100%
Suomi,
100%
maamme,
95%
Oi
95%
Ei
89%
ei
89%
ei
89%
Ei
89%
ei
89%
pohjoinen,
89%
pohjoinen,
89%
isien!
84%
isien!
84%
kuin
84%
kuin
84%
kukkulaa,
84%
kultainen!
84%
laaksoa,
84%
laaksoa,
84%
rakkaampaa,
84%
rakkaampaa,
84%
soi,
84%
synnyinmaa,
84%
synnyinmaa
84%
synnyinmaa
84%
tää
84%
tää
84%
kallis
79%
kallis
79%
kotimaa
79%
kotimaa
79%
rantaa
79%
sana
79%
vettä
79%
vettä
79%
ja
68%
ja
68%
kerran,
58%
kerran,
58%
kerrankin
58%
kukoistukses
58%
kuorestaan
58%
puhkeaa,
58%
saa
58%
saa.
58%
saa
58%
saa.
58%
Sun
58%
sun
58%
sun
58%
loistossaan,
53%
loistossaan,
53%
nousemaan
53%
nousemaan
53%
riemus
53%
riemus
53%
kaiun
47%
kaiun
47%
korkeemman
47%
korkeemman
47%
laulus
47%
laulus
47%
toivos,
47%
toivos,
47%
lempemme
42%
lempemme
42%
viel
42%
Viel
42%
tantaa
0%
No matching quizzes found
Score Distribution
Percent of People with Each Score
Percentile by Number Answered
Your Score History
You have not taken this quiz